Nuestra economía de cada día (Registro nro. 2715)
[ vista simple ]
| 000 -Cabecera | |
|---|---|
| Campo de control de longitud fija | 00943aam a2200337 4500 |
| 005 - Fecha y hora de la última transacción | |
| Campo de control | 20250701170006.0 |
| 008 - Elementos de longitud fija--Información general | |
| Campo de control de longitud fija | 150608b xxu||||| |||| 00| 0 spa d |
| 041 ## - Idioma | |
| Código de idioma | |
| 082 ## - Clasificación Decimal Dewey | |
| Número de clasificación | 330 F678n |
| 100 ## - Entrada principal--Autor personal | |
| Nombre personal | Fontaine, Ernesto |
| 9 (RLIN) | 23830 |
| 100 ## - Entrada principal--Autor personal | |
| Nombre personal | Schenone, Osvaldo |
| 9 (RLIN) | 23831 |
| 245 ## - Título propiamente dicho | |
| Título | Nuestra economía de cada día |
| 260 ## - Pie de imprenta | |
| Lugar de publicación, distribución, etc. | México |
| Nombre del editor, distribuidor, etc. | Alfaomega |
| Fecha de publicación, distribución, etc. | 2000 |
| 300 ## - Descripción física | |
| Extensión | 364 páginas |
| 490 ## - Serie | |
| Título de la Serie | Dirección y Administración de Empresas |
| 650 ## - Materia general | |
| Temática (materia general) | ECONOMÍA |
| 650 ## - Materia general | |
| Temática (materia general) | PRECIOS |
| 650 ## - Materia general | |
| Temática (materia general) | FUNCIONES DE LOS PRECIOS |
| 650 ## - Materia general | |
| Temática (materia general) | COMPORTAMIENTO DE LOS PRECIOS |
| 650 ## - Materia general | |
| Temática (materia general) | ESTUDIO DE LA ECONOMÍA |
| 650 ## - Materia general | |
| Temática (materia general) | COMERCIO EXTERIOR |
| 650 ## - Materia general | |
| Temática (materia general) | PROTECCIÓN DEL ESTADO |
| 650 #0 - Materia general | |
| Temática (materia general) | INTEGRACIÓN |
| Información miscelánea | MATEMÁTICA |
| 650 ## - Materia general | |
| Temática (materia general) | ECONOMISTA |
| 650 ## - Materia general | |
| Temática (materia general) | POLÍTICA |
| 650 ## - Materia general | |
| Temática (materia general) | DISTRIBUCIÓN DEL INGRESO |
| 650 ## - Materia general | |
| Temática (materia general) | POBREZA |
| 650 ## - Materia general | |
| Temática (materia general) | EQUIDAD |
| 650 ## - Materia general | |
| Temática (materia general) | DESIGUALDAD SOCIAL |
| 942 ## - Punto de acceso adicional KOHA | |
| Tipo de ítem KOHA | Libro |
| Fuente del sistema de clasificación o colocación | Dewey Decimal Classification |
| Signatura completa | Código de barras | Programa Académico | Tipo de ítem |
|---|---|---|---|
| 330 F678n | 15947 | Dirección y Administración de Empresas | Libro |
| 330 F678n | 15948 | Dirección y Administración de Empresas | Libro |